000 00585nam a2200193Ia 4500
003 GCL
008 140319s9999 xx 000 0 ara d
040 _aGCL /
_cGCL
082 0 4 _aط
_b239
_bع ق
100 1 _aعبدالحميد جودة السحار
245 1 0 _aالنبى صالح /
_cعبدالحميد جودة السحار
260 _a[S.N] :
_bمكتبة مصر
490 _aالقصص الدينية
_v0
650 0 4 _aالاطفال
650 0 4 _aقصص الاطفال
650 0 4 _aقصص الانبياء
650 0 4 _aالقصص الدينية
942 _2ddc
_cBK
999 _c34771
_d34771